| 000 | 00888nam a22002055i 4500 | ||
|---|---|---|---|
| 001 | 155829 | ||
| 003 | ES-MaACL | ||
| 005 | 20250724075216.0 | ||
| 008 | 990223s1864 sp |||| | spa d | ||
| 040 |
_aCCPB | B _bspa _cCCPB | B |
||
| 100 | 1 |
_aIbáñez de Ibero, Carlos, _d1825-1891 _9151491 |
|
| 245 | 1 | 0 |
_aEstudios sobre nivelación geodésica / _cpor Cárlos Ibañez é Ibañez. |
| 260 |
_aMadrid : _b[s.n.], _c1864 ( _fImprenta y Estereotipia de M. Rivadeneyra) |
||
| 300 |
_a96 p., [1] h. pleg. ; _c26 cm. |
||
| 530 | _aDisponible también en sitio web. | ||
| 650 | 7 |
_aGeodesia _2embne _913068 |
|
| 852 |
_aES-MaACL _jT-383-F-20 _z-- Enc. hol., falto de la cub. original _z-- Enc. en un vol. facticio |
||
| 856 |
_uhttp://bibliotecadigitalhispanica.bne.es:80/webclient/DeliveryManager?pid=1838302&custom_att_2=simple_viewer _zIr a la página |
||
| 999 |
_c155829 _d155829 |
||